[Event "FRA-ch U14"]
[Site "Aix les Bains"]
[Date "2009.04.20"]
[Round "3"]
[White "Giroyan, Gary"]
[Black "Cornaton, Antoine"]
[Result "1-0"]
[WhiteElo "2168"]
[BlackElo "1870"]
[PlyCount "100"]
[EventDate "2009.04.19"]
[EventType "swiss"]
[EventRounds "9"]
[EventCountry "FRA"]
[SourceTitle "CBM 130 Extra"]
[Source "ChessBase"]
[SourceDate "2009.07.02"]
[SourceVersion "2"]
[SourceVersionDate "2009.07.15"]
[SourceQuality "1"]

1. e4 e6 2. d4 d5 3. Nc3 Nf6 4. Bg5 Be7 5. e5 Nfd7 6. h4 h6 7. Bxe7 Qxe7 8. Qg4 f5 9. Qg3 Rg8 10. Bd3 Nb6 11. Nge2 Nc6 12. Qf3 Nb4 13. 0-0-0 Bd7 14. g4 Nxd3+ 15. cxd3 fxg4 16. Qxg4 0-0-0 17. Kb1 g6 18. Qf4 Rh8 19. Qg3 Rdg8 20. Rdg1 Be8 21. Qg4 g5 22. hxg5 hxg5 23. Rxh8 Rxh8 24. Qxg5 Qxg5 25. Rxg5 Na4 26. Nf4 Bd7 27. Nce2 c6 28. Rh5 Rxh5 29. Nxh5 Nb6 30. Kc2 Be8 31. Nf6 Bg6 32. Nf4 Bf5 33. Ne8 Kd7 34. Nd6 Kc7 35. Nxf5 exf5 36. Ne6+ Kd7 37. Nc5+ Kc7 38. Kd2 Nc8 39. Ke3 Ne7 40. Kf4 b6 41. Ne6+ Kd7 42. Ng7 c5 43. Nxf5 Nxf5 44. Kxf5 c4 45. dxc4 dxc4 46. Ke4 a5 47. a4 b5 48. Kd5 c3 49. bxc3 bxa4 50. Kc4 Ke8 1-0

[Event "FRA-ch U10"]
[Site "Le Grand Bornand"]
[Date "2007.04.??"]
[Round "6"]
[White "Barbaras, Mathieu"]
[Black "Cornaton, Antoine"]
[Result "1/2-1/2"]
[WhiteElo "1820"]
[BlackElo "1650"]
[PlyCount "104"]
[EventDate "2007.04.07"]
[EventType "swiss"]
[EventRounds "9"]
[EventCountry "FRA"]
[SourceTitle "CBM 118 Extra"]
[Source "ChessBase"]
[SourceDate "2007.07.04"]
[SourceVersion "1"]
[SourceVersionDate "2007.07.04"]
[SourceQuality "1"]

1. e4 e6 2. d4 d5 3. Nc3 Nf6 4. Bg5 Be7 5. e5 Nfd7 6. h4 h6 7. Qh5 g6 8. Bxe7 Qxe7 9. Qf3 h5 10. 0-0-0 a6 11. Qe3 c5 12. dxc5 Nxc5 13. Bd3 Nc6 14. Nge2 Nxd3+ 15. Rxd3 Bd7 16. Nd4 Qc5 17. Nxc6 Qxe3+ 18. Rxe3 Bxc6 19. Rd3 Ke7 20. Rhd1 Rac8 21. g3 Rc7 22. Ne2 Bb5 23. R3d2 Bxe2 24. Rxe2 Rhc8 25. Rd3 b5 26. Ra3 Ra8 27. Kd2 a5 28. Rb3 b4 29. a3 bxa3 30. Rxa3 Rac8 31. Kd3 Ra8 32. Re1 Rac8 33. c3 Rb8 34. Re2 Rc5 35. b3 Rc7 36. Rb2 Rcb7 37. Kc2 Rb5 38. Ra4 R8b7 39. b4 axb4 40. Rbxb4 Rxb4 41. Rxb4 Ra7 42. Kb2 f6 43. f4 f5 44. c4 dxc4 45. Rxc4 Rd7 46. Kc2 Ra7 47. Kd3 Ra3+ 48. Rc3 Rxc3+ 49. Kxc3 Kd7 50. Kb4 Kc6 51. Kc4 Kb6 52. Kb4 Kc6 1/2-1/2

[Event "France-ch U10"]
[Site "Reims"]
[Date "2004.04.22"]
[Round "6"]
[White "Cornaton, Antoine"]
[Black "Dubois, Vincent"]
[Result "0-1"]
[WhiteElo "1470"]
[BlackElo "1550"]
[PlyCount "62"]
[EventDate "2004.04.??"]
[EventType "swiss"]
[EventRounds "9"]
[EventCountry "FRA"]
[SourceTitle "EXT 2005"]
[Source "ChessBase"]
[SourceDate "2004.11.15"]
[SourceVersion "1"]
[SourceVersionDate "2004.11.15"]
[SourceQuality "1"]

1. e4 c5 2. Nc3 Nc6 3. g3 Nf6 4. Bg2 g6 5. d3 Bg7 6. Be3 d6 7. Qd2 Ng4 8. h3 Nxe3 9. Qxe3 Nb4 10. Qd2 h5 11. a3 Bh6 12. Qe2 Qa5 13. f4 Be6 14. Kd1 h4 15. Qf3 hxg3 16. Qxg3 c4 17. Nge2 cxd3 18. cxd3 Bb3+ 19. Kc1 e5 20. h4 exf4 21. Nxf4 Bxf4+ 22. Qxf4 Nxd3+ 23. Kb1 Nxf4 24. Bf3 Rc8 25. Rc1 Nd3 26. Rh1 Rxc3 27. Be2 Rc1+ 28. Rxc1 Nxc1 29. Bb5+ Qxb5 30. Kxc1 Qd3 31. Ra2 Qc2# 0-1